Introduction to probability and mathematical statistics
INTRODUCTION TO PROBABILITY AND MATHEMATICAL STATISTICS focuses on developing the skills to build probability (stochastic) models. The mathematical development of the subject, with examples and exercises oriented toward applications.
Na minha lista:
| Autor principal: | |
|---|---|
| Formato: | Livro |
| Idioma: | Undetermined |
| Publicado em: |
New York
Harper and Row
1962
|
| Assuntos: | |
| Tags: |
Adicionar Tag
Sem tags, seja o primeiro a adicionar uma tag!
|
| Thư viện lưu trữ: | Trung tâm Học liệu Trường Đại học Cần Thơ |
|---|
| LEADER | 00776nam a2200193Ia 4500 | ||
|---|---|---|---|
| 001 | CTU_1935 | ||
| 008 | 210402s9999 xx 000 0 und d | ||
| 082 | |a 519 | ||
| 082 | |b B617 | ||
| 100 | |a Birnbaum, Z. W. | ||
| 245 | 0 | |a Introduction to probability and mathematical statistics | |
| 245 | 0 | |c Z. W. Birnbaum | |
| 260 | |a New York | ||
| 260 | |b Harper and Row | ||
| 260 | |c 1962 | ||
| 520 | |a INTRODUCTION TO PROBABILITY AND MATHEMATICAL STATISTICS focuses on developing the skills to build probability (stochastic) models. The mathematical development of the subject, with examples and exercises oriented toward applications. | ||
| 650 | |a Mathematical statistics,Toán thống kê | ||
| 904 | |i Minh, Hải | ||
| 980 | |a Trung tâm Học liệu Trường Đại học Cần Thơ | ||